000 00688cam a22002293a 4500
001 7026
003 PGUSA
005 20140828083139.0
008 041201s2004||||xxu|||||s|||||000 | eng d
040 _aPGUSA
_beng
042 _adc
050 4 _aBV
100 1 _aShaw, S. B.
_q(Solomon Benjamin),
_d1854-
245 1 0 _aChildren's Edition of Touching Incidents and Remarkable Answers to Prayer
_h[electronic resource] /
_cS. B. Shaw
260 _bProject Gutenberg,
_c2004
506 _aPublic domain in the USA.
516 _aElectronic text
653 _aPrayer -- Christianity
830 0 _aProject Gutenberg
_v7026
856 4 0 _uhttp://www.gutenberg.org/ebooks/7026
942 _cEB
999 _c236346
_d236346